Introduction to Quantum Mechanics
Gespeichert in:
| 1. Verfasser: | |
|---|---|
| Format: | Buch |
| Sprache: | Englisch |
| Veröffentlicht: |
Nueva York
McGraw-Hill Book Company
1963
|
| Schlagworte: | |
| Tags: |
Tag hinzufügen
Keine Tags, Fügen Sie den ersten Tag hinzu!
|
MARC
| LEADER | 00000nam a2200000 a 4500 | ||
|---|---|---|---|
| 001 | UCH1836 | ||
| 003 | CL-VaPUC | ||
| 008 | 090514e19630000US |||||||||||||||||eng|d | ||
| 082 | 0 | 4 | |a 530.12 |b MAT |2 21 |
| 100 | |a Matthews, Paul Taunton |e autor |9 538263 | ||
| 245 | 1 | 0 | |a Introduction to Quantum Mechanics |
| 300 | |a 170 p | ||
| 942 | |c BK | ||
| 945 | |d 20090514 00:00:00 |a dcastane | ||
| 260 | |a Nueva York |b McGraw-Hill Book Company |c 1963 | ||
| 650 | 0 | |a Mecánica cuántica |9 306806 | |
| 650 | 0 | |a Física teórica |9 345827 | |
| 650 | 7 | |a NUMEROS CUANTICOS |2 CL-VaPUC |9 360934 | |
| 650 | 7 | |a FISICA ATOMICA |2 CL-VaPUC |9 346166 | |
| 650 | 7 | |a FISICA NUCLEAR |2 CL-VaPUC |9 270366 | |
| 583 | |a last modification |c 20090514 00:00:00 |k Rodrigo Vera | ||
| 999 | |c 333733 |d 333731 | ||